00522nam a2200157 a 450000100100000000500170001000800410002704000250006810000240009324500490011726000470016630000190021304900090023295201060024199900170034700002906620200930055317.0110413s1983 dr 000 0 spa d aDO-SdBNPbspacBNPHU1 aSerra, Nidia92911610aDuarte visto por los niños /cNidia Serra. aSanto Domingo :bBanco de Reservas,c1983. a8 p. ;c28 cm. aBNPD 00107-18PDaPDbPDcOId2011-04-13iLF1l0o p29066-10r2020-06-25w2020-06-25yLFPDZNo se presta c28558d28558